000 01288naa a22003017a 4500
001 BR8403920
003 BR-BrBNA
005 20240918175443.0
007 ta
008 230509b bl.||||| |||| 00| 0 por d
040 _aBR-BrBNA
_bpor
_cBiblioteca Nacional de Agricultura
041 _a(Pt)
072 _aE30; S00
_b/G514
090 _aE30 BR8403920
100 1 _aLazzarini, M.I.
111 1 _aSeminario Nacional de Abastecimento Alimentar em Grandes Cidades - A Experiencia de Sao Paulo
_cSao Paulo, SP (Brazil)
_d15-19 Oct 1984
245 1 _aA acao do PROCON em protecao ao consumidor [Grupo Executivo de Protecao ao Consumidor, Sao Paulo, Brasil]
260 3 _aSao Paulo, SP (Brasil):
_c1984.
500 _aAnais do Seminario Nacional de Abastecimento Alimentar em Grandes Cidades - A Experiencia de Sao Paulo Sao Paulo, SP (Brasil): 1984. p. 268-275 (BR8403920-AM)E30
650 _aPROJETO DE DESENVOLVIMENTO
650 _aCONSUMO ALIMENTAR
650 _aCONSUMIDOR
650 _aCOMUNICACAO DE MASSA
650 _aSAO PAULO
773 0 _tAnais do Seminario Nacional de Abastecimento Alimentar em Grandes Cidades - A Experiencia de Sao Paulo
_wE30 BR8403920
_gSao Paulo, SP (Brasil), 1984. p. 268-275
909 _a202404
_bLucia
_c55
_dLucia Elande
942 _cAM
_2AGRIS
999 _c316805
_d316805